Países más Meridionales - Estadísticas

Estadísticas generales
  • Esta prueba ha sido intentada 39 veces
  • La puntuación promedio es 17 de 20
Estadísticas de respuestas
Posición Respuesta % Correcto
2 Argentina
97%
1 Chile
97%
3 Australia
94%
15 Mozambique
94%
8 Uruguay
94%
11 Namibia
91%
5 Nueva Zelanda
91%
12 Paraguay
91%
19 Perú
91%
13 Suazilandia
91%
7 Sudafrica
91%
10 Lesoto
89%
16 Madagascar
89%
17 Bolivia
86%
14 Botsuana
86%
9 Brasil
86%
18 Zimbabue
86%
20 Zambia
83%
6 Francia
43%
4 Noruega
26%
No se encontraron pruebas coincidentes
Distribución de puntuación
Porcentaje de gente con cada puntuación
Porcentaje por número respondido
Historial de tus puntuaciones
No has intentado esta prueba.